000 003540000a22001450004500
003 MACL
040 _aMACL
090 _c1674
_d1674
100 _aYadav, Sushma
245 _aSocial Justice: Ambedkar's Vision
260 _aNew Delhi
_bIndian Institute Of Public Administration
_c2006
350 _a100
650 _aSocial Science
942 _cBOOK
_k303.372
999 _c1661
_d1661